000 00331nam a2200097Ia 4500
008 220204s9999 xx 000 0 und d
082 _aNR:62:006.3
_bBIS
245 0 _aBIS Catalogue1997: Bureau of Indian standards;Handbook 1996 : Bureau of Indian standards
260 _aNew Delhi
_bBureau of Indian Standards (BIS)
_c1996
942 _cBK
999 _c41365
_d41365